000 00453nam a2200181Ia 4500
001 23051
005 20260414150911.0
008 260414t2017||||xx |||||||||||||| ||spa||
041 _aESP
082 _a624.1821
_bA53
100 _aAmerican Institute of Steel Construction
_eAUT
245 0 _aSteel construction manual
_b
260 _c2017
300 _avarias paginaciones :
_c24 cm.
650 _a0
654 _aCIC
942 _cLIB
_dJUS
_fJUS
_2ddc
_n
999 _c23051
_d23051